LEADER 01090cam2-2200373---450- 001 990001590580203316 005 20130130140926.0 035 $a000159058 035 $aUSA01000159058 035 $a(ALEPH)000159058USA01 035 $a000159058 100 $a20040421g19451959km-y0itay50------ba 101 2 $afre$agrc 102 $aFR 105 $ay|||z|||001yy 200 1 $aPlaidoyers politiques$fDémosthène 210 $aParis$cLes belles lettres$d1945-1959 215 $a4 volumi$d20 cm 225 2 $aCollection des universités de France 300 $aTesto originale a fronte 410 0$1001000279059$12001$aCollection des universités de France 676 $a885.01 700 0$aDEMOSTHENES$0167473 801 0$aIT$bsalbc$gISBD 912 $a990001590580203316 951 $aXV.8. Coll. 1/33 /$bL.M.$cXV.8. Coll. 951 $aV.1. Coll. 24/98/$bL.M.$cV.1. Coll. 959 $aBK 969 $aFSO 969 $aUMA 979 $aIANNONE$b10$c20040421$lUSA01$h1553 979 $aANNAMARIA$b90$c20130130$lUSA01$h1409 996 $aOrationes$913510 997 $aUNISA LEADER 01002nam0-22003131i-450- 001 990001716260403321 005 20090603143159.0 035 $a000171626 035 $aFED01000171626 035 $a(Aleph)000171626FED01 035 $a000171626 100 $a20030910d1900----km-y0itay50------ba 101 1 $afre 200 1 $a<>huiles essentielles$fE. Gildemeister, Fr. Hoffmann$gtraduction par A. Gault$gavec préface et annotations de A. Haller 210 $aLeipzig$cBrockaus$d1900 215 $a866 p.$d24 cm 300 $aSul front. "Traité publié sous les auspices de la maison Schimmel & Cie à Leipzig". 454 0$1001000221165 610 0 $aOlii essenziali 676 $a661.806 700 1$aGildemeister,$bEduard$017257 702 1$aHoffmann,$bFriedrich$f<1832-1904> 801 0$aIT$bUNINA$gRICA$2UNIMARC 901 $aBK 912 $a990001716260403321 952 $a60 661.83 B 1$b6683$fFAGBC 959 $aFAGBC 996 $aHuiles essentielles$9359070 997 $aUNINA LEADER 02000nam0 22004453i 450 001 REA0048081 005 20251003044334.0 010 $a8846417623 100 $a20000127d1999 ||||0itac50 ba 101 | $aita 102 $ait 181 1$6z01$ai $bxxxe 182 1$6z01$an 200 1 $aFederalismo e Mezzogiorno$fa cura di Franco Cassano e Giuseppe Cotturri 210 $aMilano$cF. Angeli$d1999 215 $a188 p.$d22 cm. 225 | $aDemocrazia e diritto$v2 410 0$1001REA0048082$12001 $aDemocrazia e diritto$v2 606 $aFederalismo$xItalia$2FIR$3CFIC068447$9E 606 $aTributi$xRiforma$xItalia$2FIR$3CFIC078746$9I 676 $a321.02$9Forme di governo e di stato. Sistemi federali.$v20 676 $a321.020945$9STATI FEDERALI. Italia$v21 676 $a330.9457092$9SITUAZIONI E CONDIZIONI ECONOMICHE. ITALIA MERIDIONALE. 1946-$v21 676 $a342$9DIRITTO COSTITUZIONALE E DIRITTO AMMINISTRATIVO$v14 676 $a342.042$9DIRITTO COSTITUZIONALE. LIVELLI DELLO STATO$v21 696 $aMovimenti federalisti 696 $aRiforma protestante 699 $aFederalismo$yMovimenti federalisti 699 $aRiforma$yRiforma protestante 702 1$aCotturri$b, Giuseppe$3CFIV085038 702 1$aCassano$b, Franco$f <1943-2021>$3CFIV103064 801 3$aIT$bIT-000000$c20000127 850 $aIT-BN0095 $aIT-NA0079 901 $bNAP BN$cMAGAZZINO $nmagazzini correnti divisi per anni 901 $bNAP 01$cPOZZO LIB.$nVi sono collocati fondi di economia, periodici di ingegneria e scienze, periodici di economia e statistica e altri fondi comprendenti documenti di economia pervenuti in dono. 912 $aREA0048081 950 0$aBiblioteca Centralizzata di Ateneo$c1 v.$d 01POZZO LIB.ECON MON 725$e 0101 0000002155E VMA 1 v. precedente collocazione sez. DASES B 0188$fB $h20071011$i20071011 977 $a 01$a BN 996 $aFederalismo e Mezzogiorno$966096 997 $aUNISANNIO